000 00526cam a2200169 4500500
005 20260329002752.0
041 _afre
042 _adc
100 1 0 _aPortevin, Catherine
_eauthor
245 0 0 _aDictionnaire philosophique
260 _c2013.
500 _a93
690 _aAndré Comte-Sponville
690 _aDictionnaire
786 0 _nPhilosophie magazine | 72 | 9 | 2013-09-01 | p. 69-70 | 1951-1787
856 4 1 _uhttps://shs.cairn.info/magazine-philosophie-magazine-2013-9-page-69?lang=fr&redirect-ssocas=7080
999 _c1818193
_d1818193